| 000 | 00819nam a22002297a 4500 | ||
|---|---|---|---|
| 999 |
_c65068 _d65068 |
||
| 005 | 20240530110805.0 | ||
| 008 | 190226s2018 ua ac g 000 | ara d | ||
| 017 |
_a2017/27773 _bمصر. دار الكتب |
||
| 020 | _a978977654316 | ||
| 040 |
_aEG-CaGPL _cEG-CaGPL |
||
| 082 | 0 | 4 |
_221 _a810.903548/ _bس م |
| 100 | 0 | _aسلمى حسب الله | |
| 245 | 1 | 0 |
_aما بعد الحياة / _cسلمى حسب الله ؛ تقديم محمد عمارة |
| 260 |
_aالقاهرة : _bروابط للنشر وتقنية المعلومات، _c2018. |
||
| 300 |
_a235 ص. : _bايض ؛ _c19 سم. |
||
| 650 | 0 | 7 |
_2qrmak _aالادب العربى |
| 650 | 0 | 7 |
_2qrmak _aالموت فى الادب |
| 651 | _2qrmak | ||
| 700 | 0 |
_aمحمد عمارة _eمقدم |
|
| 942 |
_2ddc _cBK |
||